Modeling organizational project management (Record no. 512389)

000 -LEADER
fixed length control field 00508nam a2200169 4500
008 - FIXED-LENGTH DATA ELEMENTS--GENERAL INFORMATION
fixed length control field 191121b ||||| |||| 00| 0 eng d
100 ## - MAIN ENTRY--PERSONAL NAME
Personal name Muller, Ralf
245 ## - TITLE STATEMENT
Title Modeling organizational project management
260 ## - PUBLICATION, DISTRIBUTION, ETC. (IMPRINT)
Name of publisher, distributor, etc Project Management Journal
300 ## - PHYSICAL DESCRIPTION
Extent 50(4), 2019: p.499-513.
650 ## - SUBJECT ADDED ENTRY--TOPICAL TERM
Topical term or geographic name as entry element Organisation
9 (RLIN) 13602
700 ## - ADDED ENTRY--PERSONAL NAME
Personal name Drouin, Nathalie
9 (RLIN) 13603
700 ## - ADDED ENTRY--PERSONAL NAME
Personal name Sankaran, Shankar
9 (RLIN) 13604
773 ## - HOST ITEM ENTRY
Main entry heading Project Management Journal
906 ## - LOCAL DATA ELEMENT F, LDF (RLIN)
Subject DIP Project management
942 ## - ADDED ENTRY ELEMENTS (KOHA)
Source of classification or shelving scheme
Item type Articles
Holdings
Withdrawn status Lost status Source of classification or shelving scheme Damaged status Not for loan Permanent location Current location Date acquired Serial Enumeration / chronology Barcode Date last seen Koha item type
          Indian Institute of Public Administration Indian Institute of Public Administration 2019-11-21 50(4), 2019: p.499-513. AR121774 2019-11-21 Articles

Powered by Koha